[Event "RUS Central Region-chT"]
[Site "Lipetsk"]
[Date "2017.12.03"]
[Round "1.2"]
[White "Grachev, Andrey"]
[Black "Shkurkin, Andrey"]
[Result "1-0"]
[WhiteElo "2263"]
[BlackElo "2225"]
[PlyCount "65"]
[EventDate "2017.12.03"]
[EventType "team-swiss"]
[EventRounds "7"]
[EventCountry "RUS"]
[SourceTitle "CBM 182 Extra"]
[Source "ChessBase"]
[SourceDate "2018.02.23"]
[SourceVersion "1"]
[SourceVersionDate "2018.02.23"]
[SourceQuality "1"]
[WhiteTeam "Lipetsk EGU Region"]
[BlackTeam "Tula Region"]
[WhiteTeamCountry "RUS"]
[BlackTeamCountry "RUS"]

1. e4 c5 2. Nf3 g6 3. c3 Bg7 4. d4 cxd4 5. cxd4 d5 6. e5 Nh6 7. Bb5+ Bd7 8. Qb3 0-0 9. Nc3 Nc6 10. 0-0 Bg4 11. Qxd5 Qxd5 12. Nxd5 Bxf3 13. Bxc6 Bxd5 14. Bxd5 Rfd8 15. Bxb7 Rab8 16. Ba6 Rb6 17. Bc4 Rxd4 18. b3 Nf5 19. Ba3 Rc6 20. Rfe1 e6 21. g3 Rd2 22. Bb4 Rd7 23. Bb5 Rb7 24. Bxc6 Rxb4 25. Rac1 g5 26. Rc4 Rb8 27. Be4 Rd8 28. Bxf5 exf5 29. Rc7 f4 30. gxf4 gxf4 31. Kg2 Rd2 32. Rc8+ Bf8 33. Kf3 1-0

[Event "Voronezh op-A 21st"]
[Site "Voronezh"]
[Date "2017.06.13"]
[Round "2"]
[White "Novikova, Galina"]
[Black "Grachev, Andrey"]
[Result "0-1"]
[WhiteElo "2122"]
[BlackElo "2268"]
[PlyCount "92"]
[EventDate "2017.06.12"]
[EventType "swiss"]
[EventRounds "9"]
[EventCountry "RUS"]
[SourceTitle "EXT 2018"]
[Source "ChessBase"]
[SourceDate "2017.10.13"]
[SourceVersion "1"]
[SourceVersionDate "2017.10.13"]
[SourceQuality "1"]

1. e4 c6 2. d4 d5 3. exd5 cxd5 4. c4 Nf6 5. Nc3 Nc6 6. Bg5 dxc4 7. d5 Ne5 8. Qd4 h6 9. Qxe5 hxg5 10. Bxc4 a6 11. Nf3 g4 12. Ng5 Rh5 13. 0-0-0 g6 14. h4 gxh3 15. f4 Ng4 16. Qe2 Qd6 17. g3 Bf5 18. Nce4 Qb6 19. d6 0-0-0 20. Nxf7 Qe3+ 21. Qxe3 Nxe3 22. Rd4 Rd7 23. Nc5 Bg7 24. Nxd7 Bxd4 25. Nde5 Bxe5 26. dxe7 Bd7 27. Be6 Kc7 28. Nxe5 Be8 29. g4 Rh8 30. Kd2 Ng2 31. f5 gxf5 32. gxf5 Kd6 33. Nf3 Kxe7 34. Rh2 Bc6 35. Ne5 Kf6 36. Ng4+ Kg5 37. Ne3 Kf4 38. Nf1 Bb5 39. Rh1 Rd8+ 40. Kc3 Bxf1 41. Rxf1+ Kg3 42. f6 h2 43. f7 Ne3 44. Re1 Kf2 45. Rh1 Kg2 46. Bd7 Rf8 0-1

[Event "Yelets Rector Cup"]
[Site "Yelets"]
[Date "2015.12.02"]
[Round "9"]
[White "Peskov, Alexsey"]
[Black "Grachev, Andrey"]
[Result "0-1"]
[WhiteElo "2407"]
[BlackElo "2216"]
[PlyCount "92"]
[EventDate "2015.11.26"]
[EventType "tourn"]
[EventRounds "9"]
[EventCountry "RUS"]
[EventCategory "3"]
[SourceTitle "CBM 170 Extra"]
[Source "ChessBase"]
[SourceDate "2016.02.25"]
[SourceVersion "1"]
[SourceVersionDate "2016.02.25"]
[SourceQuality "1"]

1. Nf3 d5 2. c4 d4 3. g3 Nc6 4. Bg2 e5 5. d3 Nf6 6. 0-0 a5 7. Bg5 Be7 8. Na3 0-0 9. Nc2 Nd7 10. Bxe7 Qxe7 11. Re1 Nc5 12. e3 Qf6 13. exd4 exd4 14. Nd2 Bf5 15. Ne4 Bxe4 16. Bxe4 Rfe8 17. Bxh7+ Kxh7 18. Qh5+ Kg8 19. Qxc5 Ne5 20. Re4 Nxd3 21. Rxe8+ Rxe8 22. Qxd4 Ne5 23. Qc3 Rd8 24. f4 Rd2 25. Ne1 Nxc4 26. Qxf6 gxf6 27. Rc1 Ne3 28. Rxc7 Rxb2 29. a3 a4 30. Re7 Rb3 31. Nf3 Nf5 32. Re8+ Kg7 33. Nd2 Rxa3 34. Rb8 Ra1+ 35. Kf2 a3 36. Rxb7 a2 37. Ra7 Nd4 38. Ra5 f5 39. h4 Nc6 40. Ra4 Ne7 41. Ra5 Ng8 42. Kg2 Nf6 43. Ra3 Ne4 44. Nf1 Nc3 45. Nd2 Rd1 46. Nb3 Rb1 0-1

[Event "Yelets Rector Cup"]
[Site "Yelets"]
[Date "2015.11.29"]
[Round "5"]
[White "Popov, Kirill"]
[Black "Grachev, Andrey"]
[Result "0-1"]
[WhiteElo "2301"]
[BlackElo "2216"]
[PlyCount "74"]
[EventDate "2015.11.26"]
[EventType "tourn"]
[EventRounds "9"]
[EventCountry "RUS"]
[EventCategory "3"]
[SourceTitle "CBM 170 Extra"]
[Source "ChessBase"]
[SourceDate "2016.02.25"]
[SourceVersion "1"]
[SourceVersionDate "2016.02.25"]
[SourceQuality "1"]

1. e4 e6 2. d4 d5 3. Nc3 Bb4 4. e5 c5 5. a3 Bxc3+ 6. bxc3 Ne7 7. Qg4 Qc7 8. Bd3 cxd4 9. Ne2 dxc3 10. Qxg7 Rg8 11. Qxh7 Nbc6 12. Bf4 Bd7 13. Bg3 0-0-0 14. Qxf7 Rdf8 15. Qh7 Rh8 16. Qg7 d4 17. Qg5 Rhg8 18. Qc1 Nxe5 19. Nxd4 Qc5 20. Nb3 Qb6 21. Qe3 Qxe3+ 22. fxe3 Nxd3+ 23. cxd3 Nf5 24. 0-0 Nxe3 25. Rxf8+ Rxf8 26. Rc1 Nd5 27. Be5 b6 28. Bxc3 Kb7 29. Nd4 Nf4 30. Rc2 Nxd3 31. Rd2 Nf4 32. Nf3 Bc6 33. Nd4 Bd5 34. Ne2 Nxg2 35. Rxd5 Ne3 36. Rd1 Nxd1 37. Bd2 Rf2 0-1

[Event "Chigorin Memorial 22nd"]
[Site "St Petersburg"]
[Date "2014.10.21"]
[Round "4"]
[White "Grachev, Andrey"]
[Black "Shapiro, David"]
[Result "1/2-1/2"]
[WhiteElo "2029"]
[BlackElo "2236"]
[PlyCount "120"]
[EventDate "2014.10.18"]
[EventType "swiss"]
[EventRounds "9"]
[EventCountry "RUS"]
[SourceTitle "EXT 2015"]
[Source "ChessBase"]
[SourceDate "2014.11.20"]
[SourceVersion "1"]
[SourceVersionDate "2014.11.20"]
[SourceQuality "1"]

1. e4 g6 2. d4 Bg7 3. Nf3 c6 4. Be2 d5 5. Nbd2 Nf6 6. e5 Ne4 7. Nxe4 dxe4 8. Ng5 c5 9. c3 cxd4 10. Qxd4 Qa5 11. Qc4 0-0 12. Nxf7 e6 13. Nd6 Qxe5 14. Nxe4 b5 15. Qd3 Bb7 16. f3 Bxe4 17. Qxe4 Qxe4 18. fxe4 a6 19. Rf1 Nd7 20. Rxf8+ Rxf8 21. Be3 Ne5 22. Rd1 Rc8 23. Rd6 Nc4 24. Bxc4 Rxc4 25. Rxa6 Rxe4 26. Kf2 h5 27. Rb6 Re5 28. Rb7 Rf5+ 29. Ke2 Re5 30. Kd3 Rd5+ 31. Kc2 Be5 32. h3 Bf6 33. b3 Bg5 34. c4 bxc4 35. bxc4 Ra5 36. Bxg5 Rxg5 37. Kb3 Rg3+ 38. Ka4 Rxg2 39. a3 Rc2 40. Kb5 Rb2+ 41. Kc6 Rh2 42. Rb3 Kf7 43. c5 Rc2 44. Kd6 Rd2+ 45. Kc7 e5 46. c6 e4 47. Re3 Rd3 48. Rxe4 Rxa3 49. h4 g5 50. Re5 gxh4 51. Rxh5 h3 52. Rh6 Kg7 53. Rd6 h2 54. Rd1 Rg3 55. Rh1 Rg2 56. Kc8 Kg6 57. c7 Kg5 58. Kd7 Rd2+ 59. Ke6 Rc2 60. Rxh2 Rxc7 1/2-1/2

[Event "Chigorin Memorial 21st"]
[Site "St Petersburg"]
[Date "2013.10.10"]
[Round "6"]
[White "Grachev, Andrey"]
[Black "Gadzhiev, Farid"]
[Result "0-1"]
[WhiteElo "2110"]
[BlackElo "1887"]
[PlyCount "98"]
[EventDate "2013.10.05"]
[EventType "swiss"]
[EventRounds "9"]
[EventCountry "RUS"]
[SourceTitle "CBM 156 Extra"]
[Source "ChessBase"]
[SourceDate "2013.10.22"]
[SourceVersion "1"]
[SourceVersionDate "2013.10.22"]
[SourceQuality "1"]

1. e4 c5 2. Nf3 e6 3. c4 Nc6 4. Nc3 Nd4 5. d3 Ne7 6. g3 Nec6 7. Bg2 Be7 8. 0-0 0-0 9. Be3 d6 10. Ne2 Nxf3+ 11. Bxf3 Bf6 12. Rb1 Qc7 13. Bg2 Rb8 14. Nc3 a6 15. a4 Nd4 16. h4 Bd7 17. Bg5 Bxg5 18. hxg5 b5 19. f4 bxc4 20. Kf2 g6 21. Rh1 f6 22. Qg4 fxg5 23. Qxg5 cxd3 24. Bf3 Bc6 25. Rh6 Rf7 26. Bh5 Rg7 27. Bg4 Qe7 28. Qxe7 Rxe7 29. Ke3 Rb3 30. Kxd3 Bxa4 31. Bd1 Kg7 32. Bxb3 Bxb3 33. Rh2 d5 34. Rf2 Bc4+ 35. Ke3 Nb3 36. Na4 d4+ 37. Kf3 Bb5 38. Nb6 Re8 39. Kg4 Rb8 40. f5 exf5+ 41. exf5 Rxb6 42. Re1 Rb7 43. f6+ Kf7 44. Kg5 d3 45. Rh1 Kf8 46. Rfh2 d2 47. Rd1 Bd3 48. Rf2 Rd7 49. Rh2 Bc2 0-1

[Event "Chigorin Memorial 21st"]
[Site "St Petersburg"]
[Date "2013.10.08"]
[Round "4"]
[White "Grachev, Andrey"]
[Black "Blank, David"]
[Result "1-0"]
[WhiteElo "2110"]
[BlackElo "1818"]
[PlyCount "65"]
[EventDate "2013.10.05"]
[EventType "swiss"]
[EventRounds "9"]
[EventCountry "RUS"]
[SourceTitle "CBM 156 Extra"]
[Source "ChessBase"]
[SourceDate "2013.10.22"]
[SourceVersion "1"]
[SourceVersionDate "2013.10.22"]
[SourceQuality "1"]

1. e4 e5 2. Nf3 Nf6 3. Nxe5 d6 4. Nf3 Nxe4 5. Nc3 Nf6 6. d4 Be7 7. Bd3 0-0 8. h3 Re8 9. 0-0 d5 10. Re1 h6 11. Bf4 Bd6 12. Rxe8+ Nxe8 13. Nxd5 Be6 14. Bxd6 Bxd5 15. Bg3 Nc6 16. c3 Qf6 17. Ne1 Nd6 18. Bxd6 Qxd6 19. c4 Be6 20. d5 Ne5 21. dxe6 Qxe6 22. b3 Rd8 23. Bh7+ Kxh7 24. Qxd8 c6 25. Qd4 Qf6 26. Rc1 b6 27. Qe4+ g6 28. Rd1 c5 29. Nf3 Nxf3+ 30. Qxf3 Qe7 31. Qe3 Qc7 32. Qe8 Kg7 33. Rd5 1-0

[Event "Chigorin Memorial 21st"]
[Site "St Petersburg"]
[Date "2013.10.07"]
[Round "3"]
[White "Savitskiy, Sergey"]
[Black "Grachev, Andrey"]
[Result "1-0"]
[WhiteElo "2354"]
[BlackElo "2110"]
[PlyCount "73"]
[EventDate "2013.10.05"]
[EventType "swiss"]
[EventRounds "9"]
[EventCountry "RUS"]
[SourceTitle "CBM 156 Extra"]
[Source "ChessBase"]
[SourceDate "2013.10.22"]
[SourceVersion "1"]
[SourceVersionDate "2013.10.22"]
[SourceQuality "1"]

1. e4 e6 2. d3 d5 3. Nd2 Nf6 4. g3 g6 5. Bg2 Bg7 6. Ngf3 0-0 7. 0-0 c5 8. Re1 Nc6 9. c3 b6 10. Qc2 Bb7 11. Nf1 Ne7 12. e5 Nd7 13. h4 Nc6 14. Bf4 Qc7 15. Qe2 Rae8 16. N1h2 Ne7 17. Ng4 Nf5 18. Qd2 Bc8 19. d4 Qb7 20. Bg5 f6 21. exf6 Nxf6 22. Nxf6+ Bxf6 23. Bxf6 Rxf6 24. Ne5 Ref8 25. b4 Qc7 26. a4 Nd6 27. Ng4 Nc4 28. Nxf6+ Rxf6 29. Qe2 cxb4 30. cxb4 Qd6 31. b5 Qb4 32. Rab1 Qf8 33. Rb3 Kg7 34. f4 Bb7 35. Rc3 Bc8 36. Rec1 Qe7 37. Bxd5 1-0

[Event "Voronezh op-B 17th"]
[Site "Voronezh"]
[Date "2013.06.15"]
[Round "4"]
[White "Voischeva, Zinaida"]
[Black "Grachev, Andrey"]
[Result "1/2-1/2"]
[WhiteElo "1877"]
[BlackElo "2097"]
[PlyCount "153"]
[EventDate "2013.06.12"]
[EventType "swiss"]
[EventRounds "9"]
[EventCountry "RUS"]
[SourceTitle "EXT 2014"]
[Source "ChessBase"]
[SourceDate "2013.11.20"]
[SourceVersion "1"]
[SourceVersionDate "2013.11.20"]
[SourceQuality "1"]

1. e4 d6 2. d4 Nf6 3. Nc3 e5 4. Nge2 Nbd7 5. g3 c6 6. a4 Be7 7. Bg2 0-0 8. 0-0 Re8 9. h3 Bf8 10. Be3 exd4 11. Bxd4 Qc7 12. g4 g6 13. Ng3 Rd8 14. g5 Ne8 15. f4 Bg7 16. a5 Nc5 17. Nce2 f6 18. f5 Nd7 19. Nf4 Ne5 20. fxg6 hxg6 21. Nxg6 fxg5 22. Qh5 Nf6 23. Qxg5 Nh7 24. Ne7+ Kh8 25. Qh4 Re8 26. Bxe5 Qxe7 27. Qxe7 Rxe7 28. Bxd6 Re6 29. Ba3 Rg6 30. Nf5 Bf6 31. Rf3 Be6 32. Be7 Rag8 33. Bxf6+ Nxf6 34. Ne3 Nxe4 35. Kh2 Ng5 36. Rf2 Rh6 37. Nf5 Rf6 38. Raf1 Rgf8 39. h4 Rxf5 40. Rxf5 Rxf5 41. Rxf5 Bxf5 42. hxg5 Bxc2 43. Kg3 Kg7 44. Kf4 Ba4 45. Bh3 b6 46. axb6 axb6 47. Bd7 Kg6 48. Ke5 Kxg5 49. Kd6 Kf4 50. Bxc6 Bb3 51. Bd5 Ba4 52. Kc7 Ke5 53. Bc6 Bb3 54. Kxb6 Kd4 55. Bb5 Ke3 56. Ka5 Kd4 57. Kb4 Be6 58. Ba4 Bf7 59. Bb3 Be8 60. Bg8 Bd7 61. Ka5 Kc5 62. b4+ Kc6 63. Bc4 Kb7 64. Ba6+ Ka7 65. Bd3 Bc6 66. Bg6 Bd7 67. Bd3 Bc6 68. Bb5 Bxb5 69. Kxb5 Kb7 70. Kc5 Kc7 71. b5 Kb7 72. b6 Kb8 73. Kb5 Kb7 74. Ka5 Kb8 75. Ka6 Ka8 76. b7+ Kb8 77. Kb6 1/2-1/2

[Event "Chigorin Memorial 20th"]
[Site "St Petersburg"]
[Date "2012.10.31"]
[Round "5"]
[White "Shuvalov, Arvind"]
[Black "Grachev, Andrey"]
[Result "1-0"]
[WhiteElo "1789"]
[BlackElo "2040"]
[PlyCount "69"]
[EventDate "2012.10.27"]
[EventType "swiss"]
[EventRounds "9"]
[EventCountry "RUS"]
[SourceTitle "EXT 2013"]
[Source "ChessBase"]
[SourceDate "2012.11.22"]
[SourceVersion "1"]
[SourceVersionDate "2012.11.22"]
[SourceQuality "1"]

1. e4 e6 2. d4 d5 3. Nc3 Bb4 4. e5 c5 5. Bd2 Ne7 6. Nb5 Bxd2+ 7. Qxd2 0-0 8. f4 a6 9. Nd6 cxd4 10. Nf3 f6 11. Bd3 Nd7 12. 0-0 Nc6 13. Rae1 fxe5 14. Ng5 e4 15. Nxe6 Qf6 16. Nxf8 Qxf8 17. Nxe4 dxe4 18. Bxe4 Nf6 19. Bxc6 bxc6 20. Qxd4 Bf5 21. c3 Rb8 22. b4 Nd5 23. Re5 Rd8 24. Qc4 Qf6 25. Rfe1 h6 26. g3 Kh7 27. Qc5 Bh3 28. Qf2 Nxc3 29. Qc2+ Qg6 30. Qxc3 Rd3 31. Qb2 Qd6 32. Re7 Rd4 33. Rxg7+ Kh8 34. Rb7 Bd7 35. Rd1 1-0